000 00748nam a2200193 i 4500
999 _c7056
_d7056
005 20180223151405.0
008 160214s2005 ck |r||| |||| 00spa dpa d
020 _a9589707386
040 _aCO-BoIAVH
_cCO-BoIAVH
041 _aspa
082 0 4 _a333.78316
_bU58s
110 2 _bUnidad de Parques Nacionales Naturales de Colombia
245 1 0 _aSistema de parques nacionales naturales de Colombia :
_ba través de su planes de manejo
260 _aBogotá :
_bUnidad de Parques Nacionales Naturales de Colombia,
_c2005.
300 _a286 páginas ;
_bilustraciones y fotografías a color ;
_c39 cm.
650 1 4 _aParques naturales
_zColombia.
650 2 4 _aParques naturales
_xAdminstración
_zColombia.
942 _cLIBRO
_2ddc